Teoría del delito: principios fundamentales de la teoría del delito. Presupuestos filosóficos y epistemológicos. Acción o conducta. Tipo y tipicidad. Antijuridicidad o ilicitud y justificación. Imputabilidqad e inimputabilidad. Formas ampliadas de subordinación. Concurso de delitos, de tipos y de personas

Tallennettuna:
Bibliografiset tiedot
Päätekijät: Frías Caballero, Jorge (Tekijä), Codino, Diego (Tekijä), Codino, Rodrigo (Tekijä)
Aineistotyyppi: Kirja
Kieli:espanja
Julkaistu: Buenos Aires Hammurabi S. R. L 1993
Painos:1a. ed
Aiheet:
Tagit: Lisää tagi
Ei tageja, Lisää ensimmäinen tagi!

MARC

LEADER 00000cam a2200000 a 4500
001 UCC5246
003 CL-VaPUC
008 180927e19930000ag |||||||||||||||||spa|d
020 |a 9507410317 
082 0 4 |a 345.03  |b FRI  |2 21 
100 0 |a Frías Caballero, Jorge  |e author  |9 599540 
700 0 |a Codino, Diego  |e author  |9 599541 
700 0 |a Codino, Rodrigo  |e author  |9 599542 
245 1 0 |a Teoría del delito: principios fundamentales de la teoría del delito. Presupuestos filosóficos y epistemológicos. Acción o conducta. Tipo y tipicidad. Antijuridicidad o ilicitud y justificación. Imputabilidqad e inimputabilidad. Formas ampliadas de subordinación. Concurso de delitos, de tipos y de personas 
250 |a 1a. ed 
300 |a 503 p 
942 |c BK 
945 |d 20180927 22:58:00  |a dcastane 
260 |a Buenos Aires  |b Hammurabi S. R. L  |c 1993 
650 0 |a Teoría del delito  |9 258906 
650 0 |a Delitos  |9 224143 
650 0 |a CONCURSO DEL DELITO  |9 358121 
650 7 |a PARTICIPACION CRIMINAL  |2 CL-VaPUC  |9 383238 
650 7 |a DERECHO PENAL  |2 CL-VaPUC  |9 11 
583 |a last modification  |c 20180927 22:58:00  |k Rodrigo Vera 
999 |c 372502  |d 372500 
952 |0 0  |1 0  |3 erb  |4 0  |6 345_030000000000000_FRI_1993  |7 0  |8 A  |9 490178  |a BIBDER  |b BIBDER  |e Mateluna Arestizabal, Alfredo Sergio  |i 5490251  |l 3  |o 345.03 FRI 1993  |p 5490251  |r 2024-08-13  |s 2024-08-13  |w 2019-11-24  |y BK  |z Catalogado en:20180927  |k DER